00547cam a22002051 4500001001300000003000400013005001700017008004100034010001700075035002000092040002400112042001200136050001500148060002300163100003500186245003800221260004500259300002000304999001700324med48000641 DLC20260227111610.0811121s1947 xx a 000 0 eng  amed48000641  a(OCoLC)14657414 aDLCcDNLMdOCldDLC apremarc00aRJ61b.L350 aWS 113bL418b 19471 aLawler, Edmund Griffin,d1899-10aBaby care from birth to birthday. aNew York [etc.]bWilcox, Follettc[1947] ax, 406 p.bill. c38916d38916